Managerial accounting: instructor's handbook

Guardat en:
Dades bibliogràfiques
Autors principals: Ricketts, Don (Autor), Gray, Jack (Autor)
Format: Llibre
Idioma:anglès
Publicat: Boston Houghton Mifflin Co 1988
Matèries:
Etiquetes: Afegir etiqueta
Sense etiquetes, Sigues el primer a etiquetar aquest registre!

MARC

LEADER 00000nam a2200000 a 4500
001 UCR9798
003 CL-VaPUC
008 980619e19880000US |||||||||||||||||eng|d
082 0 4 |a 658.151  |b RIC  |2 21 
100 0 |a Ricketts, Don  |e author  |9 412707 
700 0 |a Gray, Jack  |e author  |9 412708 
245 1 0 |a Managerial accounting: instructor's handbook 
300 |a 209 p 
942 |c BK 
945 |d 19980619 00:00:00  |a cmena 
260 |a Boston  |b Houghton Mifflin Co  |c 1988 
650 0 |a Contabilidad   |9 261430 
650 0 |a Administración financiera  |9 261146 
650 0 |a Estados de cuentas  |9 352305 
650 0 |a Contabilidad de costos   |9 260564 
650 0 |a Costos   |9 261063 
650 7 |a PLANIFICACION Y CONTROL  |2 CL-VaPUC  |9 412709 
650 0 |a Control presupuestario  |9 345693 
650 0 |a Auditoría  |9 307008 
650 0 |a Toma de decisiones   |9 257530 
650 0 |a Precios   |9 260787 
650 0 |a Inversiones  |9 345867 
650 0 |a Análisis de la información  |9 306986 
583 |a last modification  |c 19980619 00:00:00  |k Rodrigo Vera 
999 |c 270974  |d 270972 
952 |0 0  |1 0  |4 0  |6 658_151000000000000_RIC_1988  |7 0  |8 P  |9 305440  |a BIBGIM  |b BIBGIM  |d 2019-11-20  |i 1420607  |o 658.151 RIC 1988  |p 1420607  |r 2025-01-15  |w 2019-11-20  |y BK  |k COM